000
00265nam a2200097Ia 4500
001
1113257
005
20250827003946.0
008
250824s9999 xx 000 0 und d
245
0
_a
ATEŞTEN KAÇMAK
_c
VLADİMİR TUMANOV
260
_b
GÜNIŞIĞI KİTAPLIĞI YAYINLARI
999
_c
1113257
_d
1113257